25 Titulaires France World Cup 2022 - Statistiques

Statistiques générales
  • Ce quiz a été pris 240 fois
  • Le résultat moyen est 21 sur 26
Statistiques - réponses
Hint Réponse % Correct
Gardien Lloris
100%
Attaquant Mbappe
95%
Sélectioneur Deschamps
93%
Attaquant Griezmann
93%
Défenseur Hernandez
93%
Défenseur Hernandez
93%
Attaquant Giroud
92%
Gardien Areola
91%
Gardien Mandanda
89%
Défenseur Upamecano
89%
Milieu Tchouameni
88%
Défenseur Varane
88%
Attaquant Kolo Muani
87%
Défenseur Pavard
86%
Attaquant Coman
85%
Attaquant Dembele
85%
Mileu Camavinga
83%
Défenseur Konaté
81%
Milieu Rabiot
81%
Défenseur Kounde
76%
Attaquant Thuram
71%
Milieu Guendouzi
62%
Mllieu Veretout
60%
Défenseur Saliba
58%
Milieu Fofana
53%
Défenseur Disasi
41%
Aucun quiz correspondant
Distribution des résultats
% des personnes avec chaque résultat
Percentile par nombre de réponses
Votre historique - résultats
Vous n’avez pas pris ce quiz